Carrick DC v Falmouth Boat Construction Ltd (Record no. 54150)

MARC details
000 -LEADER
fixed length control field 01137cab a2200217 4500
001 - CONTROL NUMBER
control field X91591
008 - FIXED-LENGTH DATA ELEMENTS--GENERAL INFORMATION
fixed length control field 090401t1998 xxu||||| |||| 00| 0 eng d
035 ## - SYSTEM CONTROL NUMBER
System control number (Sirsi) u86080
041 ## - LANGUAGE CODE
Language code of text/sound track or separate title eng
245 ## - TITLE STATEMENT
Title Carrick DC v Falmouth Boat Construction Ltd
260 ## - PUBLICATION, DISTRIBUTION, ETC.
Date of publication, distribution, etc. 1998
350 ## - PRICE (NR) (BK AM CF MU VM SE) [OBSOLETE]
Price 0
490 ## - SERIES STATEMENT
Series statement Planning Appeal Decisions
Volume/sequential designation (1998) 13 PAD 238-242(5)
520 ## - SUMMARY, ETC.
Summary, etc. Planning and listed building consent applications - filling and levelling derelict dry dock - extending hard standing - repair, construction and laying-up of vessels - grade II listed building - special regard to desirability of preserving - whether damage to setting or features - whether proposals would help to preserve dry dock`s remains - whether benefits to community overrode harm to building or setting - structure and local plans - whether alterations or demolition - dock partly infilled prior to listing - part of crowded boatyard - dry dock`s footprint 500sq.
650 ## - SUBJECT ADDED ENTRY--TOPICAL TERM
Topical term or geographic name entry element CARRICK DC V FALMOUTH BOAT CONSTRUCTION LTD
650 ## - SUBJECT ADDED ENTRY--TOPICAL TERM
Topical term or geographic name entry element DRY DOCK
650 ## - SUBJECT ADDED ENTRY--TOPICAL TERM
Topical term or geographic name entry element PPG15
690 ## - LOCAL SUBJECT ADDED ENTRY--TOPICAL TERM (OCLC, RLIN)
Topical term or geographic name as entry element PLANNING LAW AND PRACTICE-CASE LAW
942 ## - ADDED ENTRY ELEMENTS (KOHA)
Suppress in OPAC 0
948 ## - LOCAL PROCESSING INFORMATION (OCLC); SERIES PART DESIGNATOR (RLIN)
c (OCLC) 07/05/1998
Holdings
Withdrawn status Lost status Source of classification or shelving scheme Damaged status Not for loan Home library Current library Shelving location Date acquired Total Checkouts Full call number Barcode Date last seen Copy number Price effective from Koha item type
    Dewey Decimal Classification     London London Journal article 14/09/1999   X91591 86080-1001 06/08/2019 1 06/08/2019 Law report